000 00960nam a22002537a 4500
008 240706b mp ||||| |||| 00| 0 mon d
020 _a978-99973-1-457-4
035 _a62362
040 _aBH0164090
_bmon
_cMN-UlNLM
_dMN-UlNLM
_erda
041 _amon
042 _a188201
084 _2NNA
_a83.8
_bР-796
100 _aРоулинг Ж.К.
245 0 _aХарри Поттер ба философийн чулуу
264 _aУБ
_bМОНСУДАР
_c2014
300 _a341х.
336 _2rdacontent
_atext
_btxt
337 _2rdamedia
_aunmediated
_bn
338 _2rdacarrier
_avolume
_bnc
490 _aРоулинг Ж.К.
_v1
650 _a«Хогвартс” ид шидийн ухааны сургуулийн тухай хэзээ ч сонсож байгаагүй ХАРРИ ПОТТЕР Улаан төгөлийн гудамжны дөрвөн тоотод амьдард...
942 _2NNA
_cBK
999 _c1122549
_d1122606